Vista normal Vista MARC

Entrada Personal Name

Número de registros utilizados en: 1

001 - CONTROL NUMBER

  • control field: 69323

003 - CONTROL NUMBER IDENTIFIER

  • control field: OSt

005 - DATE AND TIME OF LATEST TRANSACTION

  • control field: 20260306161401.0

008 - FIXED-LENGTH DATA ELEMENTS

  • fixed length control field: 260306|| aca||aabn | a|a d

040 ## - CATALOGING SOURCE

  • Original cataloging agency: OSt
  • Transcribing agency: OSt

100 ## - HEADING--PERSONAL NAME

  • Personal name: Ohadors, J

670 ## - SOURCE DATA FOUND

  • Source citation: Work cat.: (OSt)60643: Verne, Jules 1828-1905 66217, De Glasgow a Charleston









Instituto Departamental de Cultura del Meta - Red Departamental de Bibliotecas Públicas del Meta.